MARC

LEADER 00000nas a2200000 a 4500
001 ssj0011035
003 WaSeSS
005 20200512172242.0
006 m d
007 cr n
008 001019d19902002enkqx pss 0 a0eng c
010 |a  00252547  
016 7 |a 2027504-3  |2 DE-600 
016 |a (AMICUS)000024620056 
022 |a 1758-7085  |y 0956-6163 
035 |a (WaSeSS)ssj0011035 
037 |b MCB University Press Limited, 60/62 Toller Lane, Bradford, West Yorkshire, England BD8 9BY 
040 |a WAU  |b eng  |e pn  |c WAU  |d TJC  |d OCLCQ  |d IUL  |d OCLCQ  |d WAU  |d F#A  |d WAU  |d OCLCQ  |d DLC  |d OCLCF  |d BEDGE  |d OCLCO  |d OCLCQ  |d OCLCO  |d OCLCQ  |d DLC  |d OCLCQ  |d NLC  |d BUF  |d OCLCQ  |d EZC  |d U3W  |d VT2  |d AUD  |d SFB  |d OCLCQ  |d WaSeSS 
042 |a pcc 
050 0 0 |a RA565.A1 
060 0 0 |a W1  |b EN984UF 
082 0 4 |a 363.7 
130 0 |a Environmental management and health (Online) 
245 1 0 |a Environmental management and health  |h [electronic resource]. 
260 |a Bradford, England :  |b MCB University Press,  |c 1999-2002. 
310 |a Five issues a year,  |b 1995-2002 
321 |a Four issues a year,  |b 1992-1994 
321 |a Three issues a year,  |b 1990-1991 
362 0 |a Vol. 1, issue 1 (1990)-Ceased with vol. 13, issue 5 (2002). 
500 |a Title from contents (publisher's version viewed July 7, 2003). 
506 |a License restrictions may limit access. 
538 |a Mode of access: World Wide Web. 
588 |a Latest issue consulted: Vol. 13, issue 5 (2002) (Emerald Insight website, viewed Nov. 30, 2016). 
650 0 |a Environmental health  |v Periodicals. 
650 7 |a Publications périodiques.  |2 eclas 
650 7 |a Gestion de l'environnement.  |2 eclas 
650 7 |a Environmental health.  |2 fast  |0 (OCoLC)fst00912999 
650 2 |a Environmental Health  |v Periodicals. 
650 2 |a Environmental Pollution  |v Periodicals. 
655 0 |a Electronic journals. 
776 0 8 |i Print version:  |t Environmental management and health  |x 0956-6163  |w (DLC) 90650638  |w (OCoLC)22504901 
785 0 0 |t Management of environmental quality (Online)  |x 1758-6119  |w (DLC) 2003252583  |w (OCoLC)51958154 
850 |a DLC 
853 2 0 |8 1  |a v.  |b no.  |u 5  |v r  |i (year)  |w 5 
856 4 0 |z Full text available from Research Library: 01/01/1992 to 2002  |u https://search.proquest.com/publication/27885 
863 4 1 |8 1.1  |a 6  |b 1  |i 1995